书目信息 |
| 题名: |
寒地城市节水型水景艺术设计研究
|
|
| 作者: | 孙凤丹 著 | |
| 分册: | ||
| 出版信息: | 长春 吉林大学出版社 2020 |
|
| 页数: | 192页 | |
| 开本: | 24cm | |
| 丛书名: | ||
| 单 册: | ||
| 中图分类: | TU986.4 | |
| 科图分类: | ||
| 主题词: | 寒冷地区--城市--理水(园林)--景观设计--研究 | |
| 电子资源: | ||
| ISBN: | 978-7-5692-8077-7 | |
| 000 | 01422nam0 2200241 450 | |
| 001 | 2348207279 | |
| 005 | 20231205132336.54 | |
| 010 | @a978-7-5692-8077-7@dCNY68.00 | |
| 100 | @a20210813d2020 em y0chiy50 ea | |
| 101 | 0 | @achi |
| 102 | @aCN@b220000 | |
| 105 | @aa z 000yy | |
| 200 | 1 | @a寒地城市节水型水景艺术设计研究@Ahan di cheng shi jie shui xing shui jing yi shu she ji yan jiu@dResearch on the art design of water-conserving waterscape in winter city@f孙凤丹著@zeng |
| 210 | @a长春@c吉林大学出版社@d2020 | |
| 215 | @a192页@c图@d24cm | |
| 300 | @a吉林省社会科学基金项目(博士和青年扶持项目) | |
| 300 | @a本书共六章,首先从寒地城市节水型水景艺术研究的背景与意义入手,介绍了目前国内外水景研究的概况,并提出了研究的主要内容、方法、目的等。第二章和第三章主要对城市水景艺术设计的基本知识进行介绍。第四章是对寒地城市水景设计的实例进行解析。第五章是对寒地城市水景设计的现状进行分析,总结水景设计存在的相关问题与经验。第六章是对寒地城市节水型水景设计方法的研究,从生态、技术、人性化、装饰性和地域特征五个方面进行研究,介绍了节水型水景艺术的继承与创新中的成功特点,从而对寒地城市节水型水景艺术设计进行探索,希望人们可以从中得到借鉴和启发。 | |
| 510 | 1 | @aResearch on the art design of water-conserving waterscape in winter city@zeng |
| 606 | 0 | @a寒冷地区@x城市@x理水(园林)@x景观设计@x研究 |
| 690 | @aTU986.4@v5 | |
| 701 | 0 | @a孙凤丹@Asun feng dan@4著 |
| 801 | 0 | @aCN@b91MARC@c20210902 |
| 905 | @aZUCC@dTU986.4@e14 | |
| 寒地城市节水型水景艺术设计研究=Research on the art design of water-conserving waterscape in winter city/孙凤丹著.-长春:吉林大学出版社,2020 |
| 192页:图;24cm |
| 吉林省社会科学基金项目(博士和青年扶持项目).-本书共六章,首先从寒地城市节水型水景艺术研究的背景与意义入手,介绍了目前国内外水景研究的概况,并提出了研究的主要内容、方法、目的等。第二章和第三章主要对城市水景艺术设计的基本知识进行介绍。第四章是对寒地城市水景设计的实例进行解析。第五章是对寒地城市水景设计的现状进行分析,总结水景设计存在的相关问题与经验。第六章是对寒地城市节水型水景设计方法的研究,从生态、技术、人性化、装饰性和地域特征五个方面进行研究,介绍了节水型水景艺术的继承与创新中的成功特点,从而对寒地城市节水型水景艺术设计进行探索,希望人们可以从中得到借鉴和启发。 |
| ISBN 978-7-5692-8077-7:CNY68.00 |
| ● |
| 相关链接 |
|
|
|
正题名:寒地城市节水型水景艺术设计研究
索取号:TU986.4/14
 
预约/预借
| 序号 | 登录号 | 条形码 | 馆藏地/架位号 | 状态 | 备注 |
| 1 | 2001266275 | 2001266275 | 辽宁北方(第一批)/辽宁北方(第一批)/298/ [索取号:TU986.4/14] | 在馆 | |
| 2 | 2001266276 | 2001266276 | 辽宁北方(第一批)/辽宁北方(第一批)/298/ [索取号:TU986.4/14] | 在馆 | |
| 3 | 2001266277 | 2001266277 | 辽宁北方(第一批)/辽宁北方(第一批)/298/ [索取号:TU986.4/14] | 在馆 | |
| 4 | 2001266278 | 2001266278 | 辽宁北方(第一批)/辽宁北方(第一批)/298/ [索取号:TU986.4/14] | 在馆 | |
| 5 | 2001266279 | 2001266279 | 辽宁北方(第一批)/辽宁北方(第一批)/298/ [索取号:TU986.4/14] | 在馆 | |
| 6 | 2001266280 | 2001266280 | 辽宁北方(第一批)/辽宁北方(第一批)/298/ [索取号:TU986.4/14] | 在馆 |